000
00293nam a22001337a 4500
008
170210b xxu||||| |||| 00| 0 eng d
020
_a
9780323046602
041
_a
eng
080
_a
61
100
_a
4
101
_a
SHM
245
_a
YEAR BOOK OF MEDICINE 2007
_c
BARKIN, J.S
942
_2
udc
_c
BK
999
_c
5077
_d
5077